| 000 | 00799nam a2200277 a 4500 | ||
|---|---|---|---|
| 001 | 22750 | ||
| 003 | SK-KTurca | ||
| 005 | 20260422162919.0 | ||
| 008 | 060711s1975 xo g || 1 slo c | ||
| 035 | _aUKB000287814 | ||
| 040 |
_aBAA001 _bslo _cBAA001 _eAACR2 |
||
| 041 | 1 |
_aslo _hspa |
|
| 044 |
_axo _cSK |
||
| 100 | 1 |
_aRoa Bastos, Augusto, _d1917-2005 |
|
| 240 | 1 |
_aHijo de hombre. _lSlovensky |
|
| 245 | 1 | 0 |
_aSyn človeka _cAugusto Roa Bastos ; zo špan. orig. prel. a dosl. nap. V. Oleríny |
| 250 | _a1. vyd. | ||
| 260 |
_aBratislava _bPravda _c1975 |
||
| 300 | _a340 s. | ||
| 490 | 1 | _aČlenská knižnica | |
| 500 | _aFrontsp. | ||
| 650 | 0 | 7 | _aliteratúra paraguajská |
| 700 | 1 |
_aOleríny, Vladimír, _d1921-2016 _4trl _4aft |
|
| 830 | 0 | _aČlenská knižnica | |
| 942 |
_2ddc _cKLDO _n0 |
||
| 999 |
_c22750 _d22750 |
||